00766cam a2200217 450000100060000000300080000600500170001400800390003103500190007004000320008904100080012108200210012910000220015024501480017226000690032030000370038950400420042665000290046865000240049765000270052130226BD-RjUL20211209051531.0140409t19701968enka b 001 0 eng a(BD-RjUL)30311 aDLCcDLCdDLCdBD-RjULbeng aeng00a153.15bSTL 19701 aStaats, Arthur W.10aLearning, language, and cognition :btheory, research, and method for the study of human behavior and its development /c[by] Arthur W. Staats. aLondon ;aNew York :bHolt, Rinehart and Winston,cc1968 [1970]. axvii, 614 p. :billus. ;c24 cm. aBibliography: p. 585-595 and indexes. 0aLearning, Psychology of. 0aChildrenxLanguage. 0aCognition in children.